00249nam a2200097Ia 4500001000800000005001700008008004100025020001800066245004900084260001800133127843120260417163049.0260417s9999 xx 000 0 und d a9786256030954 0aNeil Armstrong – Ay’a Ayak Basan İnsan bDokuz Çocuk